Poetas líricos en lengua inglesa /

Bibliographic Details
Other Authors: Ocampo, Silvina, 1903-1993 (contributor agent of text.)
Format: Electronic eBook
Language:Spanish
Published: Ciudad de México : Océano, [2017]
Edition:Primera edición en libro electrónico.
Subjects:
Online Access:Digitalia Hispánica

MARC

LEADER 00000nam a2200000Ii 4500
001 DIGOCEANO0031
003 NyNyDIG
006 m o d
007 cr |||||||||||
008 240404s2017 mx o 000 0cspa d
035 |a (OCoLC)1430188902 
040 |a DGITA  |b eng  |e rda  |e pn  |c DGITA 
020 |a 9786077351740  |q eBook 
020 |z 9789706512871 
043 |a e-uk-en 
050 1 4 |a PR1179.S7 ebook 
245 0 0 |a Poetas líricos en lengua inglesa /  |c varios autores ; estudio preliminar de Silvina Ocampo. 
250 |a Primera edición en libro electrónico. 
264 1 |a Ciudad de México :  |b Océano,  |c [2017] 
300 |a 1 online resource. 
336 |a text  |b txt  |2 rdacontent 
337 |a computer  |b c  |2 rdamedia 
338 |a online resource  |b cr  |2 rdacarrier 
347 |a text file  |2 rdaft 
347 |b EPUB 
588 0 |a Online resource; title from ePub title page (Digitalia, viewed April 4, 2024) 
650 0 |a English poetry  |x Translations into Spanish. 
650 0 |a Authors, English  |v Biography. 
700 1 |a Ocampo, Silvina,  |d 1903-1993,  |e contributor agent of text. 
791 2 |a Digitalia (Firm),  |e distributor. 
793 0 |g Digitalia eBook Collection:  |a Editorial Océano 
776 0 8 |i Print version:  |t Poetas líricos en lengua inglesa.  |d Ciudad de México : Océano, [2017]  |z 9789706512871 
856 4 0 |3 Digitalia Hispánica  |u https://www.digitaliapublishing.com/a/85228/ 
910 |a Premium collection: 2024